Stail kepimpinan pengetua dan kaitannya dengan tahap motivasi kerja guru : persepsi guru /
Saved in:
| Main Author: | |
|---|---|
| Format: | Thesis Book |
| Language: | Malay |
| Published: |
2001.
|
| Subjects: | |
| Tags: |
Add Tag
No Tags, Be the first to tag this record!
|
| LEADER | 00998cam a2200253 a 4500 | ||
|---|---|---|---|
| 001 | u730196 | ||
| 003 | SIRSI | ||
| 005 | 200611081213 | ||
| 008 | 061108s2001 my a t 00 0 may m | ||
| 040 | |a UMK | ||
| 043 | |a a-my-se | ||
| 098 | |a LB2831.9 |b UM 2001 Abdgb | ||
| 100 | 0 | 0 | |a Abdul Ghaffar Bakar. |
| 245 | 1 | 0 | |a Stail kepimpinan pengetua dan kaitannya dengan tahap motivasi kerja guru : |b persepsi guru / |c Abdul Ghaffar Bakar. |
| 260 | |c 2001. | ||
| 300 | |a x, 105 [7] leaves : |b ill. ; |c 30 cm. | ||
| 502 | |a Dissertation (M.Princ.) -- Institut Pengajian Kepengetuaan, Universiti Malaya, 2001. | ||
| 504 | |a Bibliography: leaves 98-105. | ||
| 650 | 0 | |a Educational leadership |z Selangor. | |
| 650 | 0 | |a Motivation in education |x Case studies. | |
| 650 | 0 | |a Teacher-principal relationships. | |
| 710 | 2 | 0 | |a Universiti Malaya. |b Institut Pengajian Kepengetuaan. |
| 596 | |a 19 | ||
| 999 | |a LB2831.9 UM 2001 ABDGB |w LC |c 1 |i A511795874 |d 27/2/2008 |e 27/2/2008 |f 15/12/2006 |g 1 |l STACKS |m P19KOTA |n 1 |r Y |s Y |t TESIS |u 8/11/2006 | ||
